000 01105nam a22002297a 4500
008 100629s1995 xxu||||| |||| 00| 0 ara d
020 _a9960201422
082 _222
_a352.0531
_bس ل و
100 1 _915463
_aالسلوم ، يوسف بن إبراهيم
245 _aنظام التخطيط :
_bفي المملكة العربية السعودية /
_cيوسف بن إبراهيم السلوم
246 _aPlanning system in the kingdom of Saudi Arabia
250 _aط3.
260 _aالرياض :
_bمكتبة العبيكان ،
_c1995.
300 _a417، 21 ص :
_c24 سم.
500 _aيشتمل على ملاحق
500 _aيشتمل على قائمة محتويات ومقدمة باللغة الانجليزية
541 _aألف باء ؛
_cشراء ؛
650 _915464
_aالسعودية
_xالميزانية|تخطيط
650 _915466
_aالسعودية
_xالتخطيط
942 _2ddc
_cBB
999 _c14294
_d14294